[Event "Chessable Masters KO"]
[Site "chess24.com INT"]
[Date "2021.08.07"]
[Round "3.13"]
[White "Aronian, Levon"]
[Black "Artemiev, Vladislav"]
[Result "1/2-1/2"]
[WhiteTitle "GM"]
[BlackTitle "GM"]
[WhiteElo "2782"]
[BlackElo "2704"]
[WhiteFideId "13300474"]
[BlackFideId "24101605"]
[EventDate "2021.08.03"]
[EventType "k.o."]

1. e4 c5 2. Nf3 d6 3. d4 cxd4 4. Nxd4 Nf6 5. Nc3 Nc6 6. Bg5 e6 7. Qd2 a6 8.
O-O-O Bd7 9. f3 Nxd4 10. Qxd4 Be7 11. h4 b5 12. g4 Qc7 13. Be3 O-O 14. g5 Nh5
15. Rg1 Rfc8 16. Qb6 Qxb6 17. Bxb6 Nf4 18. Rg4 Ng6 19. f4 b4 20. Nb1 Bb5 21. Be3
Rc7 22. h5 Nf8 23. Bxb5 axb5 24. Rd4 Rc4 25. a3 Rxd4 26. Bxd4 e5 27. fxe5 Ne6
28. exd6 Bxd6 29. e5 bxa3 30. bxa3 Bxa3+ 31. Nxa3 Rxa3 32. Bb6 Rh3 33. h6 gxh6
34. gxh6+ Kf8 35. Rb4 Rxh6 36. Rxb5 Rh4 37. Bc5+ Kg7 38. Be7 Rc4 39. Rb4 Rxb4
40. Bxb4 Kg6 41. Kd2 Kf5 42. Ke3 Kxe5 43. c4 h5 44. Bc3+ Kf5 45. Kf3 h4 46. Bb2
Nc5 47. Bd4 Nd3 48. c5 Ne1+ 49. Ke2 Nc2 50. Bf2 h3 51. c6 Ke6 52. Kf3 Kd6 53.
Kg3 Kxc6 54. Kxh3 Kd5 55. Bh4 f5 56. Bg3 Ke4 57. Kg2 Ke3 58. Bb8 1/2-1/2

[Event "Chessable Masters KO"]
[Site "chess24.com INT"]
[Date "2021.08.08"]
[Round "3.21"]
[White "Le, Quang Liem"]
[Black "So, Wesley"]
[Result "1-0"]
[WhiteTitle "GM"]
[BlackTitle "GM"]
[WhiteElo "2709"]
[BlackElo "2772"]
[WhiteFideId "12401137"]
[BlackFideId "5202213"]
[EventDate "2021.08.03"]
[EventType "k.o."]

1. d4 Nf6 2. Nf3 d5 3. Bf4 c5 4. e3 Nc6 5. Nbd2 Qb6 6. dxc5 Qxb2 7. Rb1 Qc3 8.
Bb5 g6 9. e4 dxe4 10. Be5 Qa5 11. O-O exf3 12. Bxc6+ bxc6 13. Qxf3 Nd5 14. Bxh8
Qxd2 15. c4 f6 16. Rfe1 Kf7 17. cxd5 Qxd5 18. Qc3 Be6 19. Qe3 Bf5 20. Rbd1 Qxa2
21. h3 h5 22. Qf3 Kg8 23. g4 hxg4 24. hxg4 Bc2 25. Rd7 Kxh8 26. Rexe7 Qa1+ 27.
Kh2 g5 28. Qxc6 Rb8 29. Qc7 Qb1 30. Rd8 Rxd8 31. Qxd8 Kg8 32. Re8 1-0

[Event "Chessable Masters KO"]
[Site "chess24.com INT"]
[Date "2021.08.08"]
[Round "3.21"]
[White "Artemiev, Vladislav"]
[Black "Aronian, Levon"]
[Result "1/2-1/2"]
[WhiteTitle "GM"]
[BlackTitle "GM"]
[WhiteElo "2704"]
[BlackElo "2782"]
[WhiteFideId "24101605"]
[BlackFideId "13300474"]
[EventDate "2021.08.03"]
[EventType "k.o."]

1. c4 Nf6 2. Nf3 e6 3. g3 d5 4. Bg2 dxc4 5. Qa4+ Nbd7 6. Qxc4 a6 7. Qc2 c5 8.
Nc3 Qc7 9. O-O b6 10. d4 Bb7 11. Bf4 Bd6 12. Bxd6 Qxd6 13. Rfd1 O-O 14. Rac1
Rac8 15. dxc5 Qxc5 16. Qd2 Rfd8 17. Ng5 Bxg2 18. Kxg2 Nf8 19. Qe3 Qxe3 20. fxe3
Rxd1 21. Rxd1 Ng4 22. Rd3 Ng6 23. Nf3 N6e5 24. Nxe5 Nxe5 25. Rd4 Kf8 26. Kf2 Ke7
27. h3 Nc4 28. Nd1 b5 29. e4 Nd6 30. Kf3 Rc2 31. a4 Nc4 32. axb5 axb5 33. b4
Ne5+ 34. Ke3 g5 35. Kf2 h5 36. Ke1 Nc6 37. Rd3 Nxb4 38. Rb3 Rc4 39. Kf2 Kd6 40.
Rf3 Rc7 41. Rf6 Na2 42. Rh6 b4 43. Rxh5 Nc3 44. Nb2 Nxe4+ 45. Ke3 Rc2 46. Nd3
Rxe2+ 47. Kxe2 Nxg3+ 48. Kf3 Nxh5 49. Kg4 Nf4 50. Nxb4 f5+ 51. Kxg5 Nxh3+ 52.
Kh4 Nf4 53. Kg5 Nh3+ 54. Kh4 Nf2 55. Kg5 Ne4+ 56. Kf4 Ke7 57. Ke5 Nf6 58. Nc6+
Kd7 59. Nb8+ Kc8 60. Nc6 Kd7 61. Nb8+ Kc7 62. Na6+ Kb6 63. Kxe6 f4 64. Nb4 f3
65. Kxf6 f2 66. Nd5+ Kc5 67. Ne3 Kd4 68. Nf1 Kd3 69. Kf5 Ke2 70. Nh2 f1=N 71.
Nxf1 1/2-1/2

[Event "Chessable Masters KO"]
[Site "chess24.com INT"]
[Date "2021.08.08"]
[Round "3.22"]
[White "So, Wesley"]
[Black "Le, Quang Liem"]
[Result "1/2-1/2"]
[WhiteTitle "GM"]
[BlackTitle "GM"]
[WhiteElo "2772"]
[BlackElo "2709"]
[WhiteFideId "5202213"]
[BlackFideId "12401137"]
[EventDate "2021.08.03"]
[EventType "k.o."]

1. e4 e5 2. Nf3 Nc6 3. Bb5 a6 4. Ba4 Nf6 5. O-O Bc5 6. c3 b5 7. Bc2 d5 8. d4
dxe4 9. Nxe5 Nxe5 10. dxc5 Qe7 11. Bg5 Bb7 12. Nd2 O-O-O 13. Qe2 Nd3 14. a4 Qe5
15. Be3 h5 16. axb5 Ng4 17. g3 Nxe3 18. bxa6 Nxc2 19. axb7+ Kxb7 20. c6+ Kxc6
21. Nc4 Qd5 22. Na5+ Kd7 23. Qxc2 Ra8 24. Ra4 Kc8 25. Nc4 h4 26. Qb3 Kd8 27.
Rfa1 Rxa4 28. Qxa4 Ke7 29. Ne3 Qe6 30. Qd4 Rd8 31. Qxg7 Ne5 32. Qg5+ Ke8 33. Qh5
h3 34. Nf5 Nf3+ 35. Kh1 Qb3 36. Qh8+ Kd7 37. Qxh3 Qxb2 38. Rd1+ Kc6 39. Qh6+ Kb7
40. Rxd8 Qb1+ 41. Kg2 Qg1+ 42. Kh3 Qxf2 43. Qf4 Ng1+ 44. Kg4 Qe2+ 45. Kh4 Qxh2+
46. Kg4 Qe2+ 47. Kh4 Qh2+ 48. Kg4 Qe2+ 49. Kh4 Qh2+ 1/2-1/2

[Event "Chessable Masters KO"]
[Site "chess24.com INT"]
[Date "2021.08.08"]
[Round "3.22"]
[White "Aronian, Levon"]
[Black "Artemiev, Vladislav"]
[Result "0-1"]
[WhiteTitle "GM"]
[BlackTitle "GM"]
[WhiteElo "2782"]
[BlackElo "2704"]
[WhiteFideId "13300474"]
[BlackFideId "24101605"]
[EventDate "2021.08.03"]
[EventType "k.o."]

1. e4 c6 2. d4 d5 3. exd5 cxd5 4. Bd3 Nc6 5. c3 Nf6 6. Bf4 Bg4 7. Qb3 Qd7 8. Nd2
e6 9. Ngf3 Bd6 10. Bxd6 Qxd6 11. O-O O-O 12. Rfe1 Qc7 13. Ne5 Nxe5 14. Rxe5 Bh5
15. a4 Bg6 16. Bxg6 hxg6 17. g3 Rab8 18. h4 Qa5 19. Ree1 Rfc8 20. Kg2 Qa6 21.
Nf3 b5 22. axb5 Qxb5 23. Qxb5 Rxb5 24. Re2 a5 25. Ne5 Kf8 26. Kf1 Rc7 27. Ke1
Ke7 28. Kd1 Ne4 29. Nd3 g5 30. hxg5 Nxg5 31. Nc5 Ne4 32. Nxe4 dxe4 33. Kc2 f5
34. b3 Kf6 35. c4 e5 36. Rd2 exd4 37. Rxd4 Kg5 38. Kb2 Re5 39. Kc3 Kg4 40. Re1
g5 41. Re3 Rce7 42. Rd8 f4 43. gxf4 gxf4 44. Rg8+ Rg5 45. Rxg5+ Kxg5 46. Re2 Kg4
47. c5 Kf3 48. Ra2 e3 49. fxe3 fxe3 50. Rxa5 e2 51. Ra1 e1=Q+ 52. Rxe1 Rxe1 53.
Kd4 Kf4 54. Kd5 Kf5 55. Kd6 Rd1+ 56. Ke7 Rc1 57. Kd6 Kf6 58. b4 Rd1+ 59. Kc7 Ke7
60. b5 Rd5 61. Kc6 Rh5 0-1

[Event "Chessable Masters KO"]
[Site "chess24.com INT"]
[Date "2021.08.08"]
[Round "3.23"]
[White "Le, Quang Liem"]
[Black "So, Wesley"]
[Result "0-1"]
[WhiteTitle "GM"]
[BlackTitle "GM"]
[WhiteElo "2709"]
[BlackElo "2772"]
[WhiteFideId "12401137"]
[BlackFideId "5202213"]
[EventDate "2021.08.03"]
[EventType "k.o."]

1. d4 Nf6 2. Nf3 d5 3. e3 c5 4. dxc5 e6 5. b4 a5 6. c3 axb4 7. cxb4 b6 8. Bb5+
Bd7 9. Bxd7+ Nbxd7 10. a4 bxc5 11. b5 g5 12. Bb2 Bd6 13. Qe2 g4 14. Nfd2 Qc7 15.
f4 gxf3 16. Nxf3 Rg8 17. O-O Ke7 18. Nbd2 Rg4 19. Qd1 Rag8 20. Rf2 Rb4 21. Nf1
Ne4 22. Rc2 Qa7 23. Qe1 Nef6 24. Bxf6+ Nxf6 25. Rca2 Rgg4 26. Qd1 Rgc4 27. N3d2
Rc3 28. Rb1 c4 29. a5 Rxb1 30. Qxb1 Bc5 31. b6 Qb8 32. b7 Ng4 33. g3 Nxe3 34. a6
Ba7 35. Kh1 Rd3 36. Nxe3 Rxe3 37. Nf1 Rb3 38. Rb2 Qe5 39. Rxb3 cxb3 40. Nd2 Qe3
41. Qc1 b2 42. Qc7+ Kf6 43. Qf4+ Qxf4 44. gxf4 Kf5 45. Kg2 Kxf4 46. Kf1 Ke3 47.
Ke1 Kd3 48. Kd1 f5 0-1

[Event "Chessable Masters KO"]
[Site "chess24.com INT"]
[Date "2021.08.08"]
[Round "3.23"]
[White "Artemiev, Vladislav"]
[Black "Aronian, Levon"]
[Result "1-0"]
[WhiteTitle "GM"]
[BlackTitle "GM"]
[WhiteElo "2704"]
[BlackElo "2782"]
[WhiteFideId "24101605"]
[BlackFideId "13300474"]
[EventDate "2021.08.03"]
[EventType "k.o."]

1. Nf3 d5 2. g3 g6 3. Bg2 Bg7 4. d4 Nf6 5. O-O O-O 6. c4 c6 7. Ne5 Ng4 8. cxd5
cxd5 9. Bf4 Nc6 10. Nxc6 bxc6 11. h3 e5 12. Bc1 Nf6 13. dxe5 Ne4 14. Nd2 Bxe5
15. Nxe4 dxe4 16. Qc2 f5 17. Qxc6 Rb8 18. Bh6 Rf7 19. Rfd1 Bd7 20. Qc5 Qe8 21.
Rac1 Bxb2 22. Rb1 Be6 23. Qa5 Bf6 24. Rxb8 Qxb8 25. Bf1 Qc7 26. Qa6 Qc8 27. Qa4
Rc7 28. e3 Rd7 29. Rxd7 Qxd7 30. Bb5 Qb7 31. h4 Kf7 32. Be8+ Ke7 33. Bc6 Qb8 34.
Kg2 Kf7 35. Bd7 Qb7 36. Be8+ Ke7 37. Bc6 Qb8 38. Bf4 Qb6 39. Qa3+ Kf7 40. Qa4 a6
41. Bh6 Bg7 42. Bg5 Bf6 43. Bh6 Bg7 44. Bf4 Bf8 45. Bd7 Be7 46. Bh6 Bxd7 47.
Qxd7 Qe6 48. Qa4 Bf8 49. Bf4 h6 50. Qc2 Qf6 51. Qc7+ Kg8 52. Qc4+ Kh7 53. Qd5
Bg7 54. Bc7 g5 55. h5 g4 56. Bd8 Qe5 57. Qf7 Kh8 58. Qg6 a5 59. a4 Kg8 60. Bb6
Qf6 61. Bxa5 Qxg6 62. hxg6 Be5 63. Bb6 1-0

[Event "Chessable Masters KO"]
[Site "chess24.com INT"]
[Date "2021.08.08"]
[Round "3.24"]
[White "So, Wesley"]
[Black "Le, Quang Liem"]
[Result "1/2-1/2"]
[WhiteTitle "GM"]
[BlackTitle "GM"]
[WhiteElo "2772"]
[BlackElo "2709"]
[WhiteFideId "5202213"]
[BlackFideId "12401137"]
[EventDate "2021.08.03"]
[EventType "k.o."]

1. d4 Nf6 2. c4 c5 3. d5 b5 4. cxb5 a6 5. bxa6 g6 6. Nc3 Bxa6 7. e4 Bxf1 8. Kxf1
d6 9. Nf3 Bg7 10. g3 O-O 11. Kg2 Nbd7 12. a4 Ra6 13. Qe2 Qa8 14. Ra3 Rb8 15. Rd1
Ne8 16. Nb5 Rxa4 17. Qc2 Rxa3 18. Nxa3 Nc7 19. Nc4 Qa2 20. Bg5 Rb4 21. Rc1 Bf6
22. h4 Nb5 23. Bxf6 Nxf6 24. Qe2 Kg7 25. Rc2 Qb3 26. Na5 Qa4 27. Nc4 Qa8 28. Rd2
h6 29. e5 Nxd5 30. exd6 exd6 31. Nxd6 Nd4 32. Qe4 Qc6 33. Nxf7 Nxf3 34. Qxf3
Nf4+ 35. gxf4 Qxf3+ 36. Kxf3 Kxf7 37. Rd5 Rb3+ 38. Ke4 Rxb2 39. Rxc5 Rxf2 40.
Rc7+ Kf6 41. Rc6+ Kf7 42. Rc7+ Kf6 43. Rc6+ Kf7 44. Rc7+ 1/2-1/2